00342nam a2200085Ia 4500008004100000245007800041260000900119300010100128650002700229180130s9999 xx 000 0 und d cDe Meyer, ArnoudaNational R&D systems and technology development in Asia c2014 aBook title: The Oxford handbook of Asian business systems--Acession number C19643; pages 465-486 aBUSINESS SYSTEMS--ASIA